| 000 | 00682nam a22002057a 4500 | ||
|---|---|---|---|
| 999 |
_c18910 _d18910 |
||
| 003 | AR-CdUCM | ||
| 008 | 190515b ||||| |||| 00| 0 spa d | ||
| 040 |
_aMUNICIPALIDAD PROVINCIAL DEL CUSCO _cBIBLIOTECA MUNICIPAL DEL CUSCO |
||
| 082 |
_a373.3502 / _bG25 |
||
| 100 |
_aGarelli, Juan Carlos _939827 |
||
| 245 | _aMétodo de lectura veloz / | ||
| 260 |
_aBuenos Aires, _bTroquel, _c1968. |
||
| 300 |
_a275 páginas ; _bIlustraciones, _c22 cm. |
||
| 505 | _aContenido: Mecánica -- El trabajo psíquico -- Apéndice. | ||
| 650 |
_aLectura rápida _939828 |
||
| 650 |
_aManuales _95970 |
||
| 650 |
_aEstudio y enseñanza _92610 |
||
| 942 |
_2ddc _cLIBROS |
||
| 945 |
_adavv _d2019-05-15 |
||